| 000 | 05771cam a2201141 a 4500 | ||
|---|---|---|---|
| 999 | _c56475 | ||
| 001 | 12087272 | ||
| 003 | LIBRIS | ||
| 005 | 20210311120902.0 | ||
| 008 | 110129s2011 sw |||||||||||000 0|swe|c | ||
| 020 | _a9789113037134 | ||
| 035 | _a(Bo)478734 | ||
| 040 |
_aLGEN _dL _dS _ea |
||
| 041 | _aswe | ||
| 082 | 0 | 4 |
_a712.09485 _222/swe |
| 084 |
_aIcu-c _2kssb/8 |
||
| 084 | _aMåltidsakademiens biblioteksstiftelse | ||
| 084 | _aMåltidslitteratur 2011 | ||
| 084 | _aKategori: Årsböcker, kalendrar, restaurang-, hotell- och museiguider/-kataloger | ||
| 245 | 1 | 0 |
_aTrädgårdsriket : _bguide till 850 svenska trädgårdar / _cGunnel Carlson (red.). |
| 264 | 1 |
_aStockholm : _bNorstedt, _c2011 |
|
| 264 | 3 |
_aVärnamo : _bFälth & Hässler |
|
| 300 |
_a317 s. _bill. _c24 cm |
||
| 340 | _b24 cm | ||
| 500 |
_5Li _aPliktex. |
||
| 541 | _5Gma | ||
| 541 | _5Og | ||
| 650 | 7 |
_aTrädgårdar _zSverige _2sao |
|
| 655 | 7 |
_aGuideböcker _0https://id.kb.se/term/saogf/Guideb%C3%B6cker _2saogf |
|
| 700 | 1 |
_aCarlson, Gunnel, _d1956- _4edt _0https://libris.kb.se/hftx20c10d45wmk#it |
|
| 887 |
_a{"@id":"q823mqc209dfm83","modified":"2018-10-30T23:00:00+01:00","checksum":"31631081765"} _2librisxl |
||
| 887 |
_a{"@id":"pt2zpl3v4rxvwf2","modified":"2016-01-25T11:16:25+01:00","checksum":"46495704789"} _2librisxl |
||
| 887 |
_a{"@id":"jnvhxn8p2npj3zv","modified":"2014-04-01T11:52:31+02:00","checksum":"44999113617"} _2librisxl |
||
| 887 |
_a{"@id":"pt18l90v2fm9xzl","modified":"2011-05-11T09:16:45+02:00","checksum":"43706485541"} _2librisxl |
||
| 887 |
_a{"@id":"48g40jk91q93n1z","modified":"2016-10-24T09:58:23+02:00","checksum":"66692190704"} _2librisxl |
||
| 887 |
_a{"@id":"48gr0fx95gn4s25","modified":"2011-09-07T15:49:03+02:00","checksum":"56464384182"} _2librisxl |
||
| 887 |
_a{"@id":"z8njdcslwc04h4pb","modified":"2019-10-02T12:14:12.962+02:00","checksum":"36337296375"} _2librisxl |
||
| 887 |
_a{"@id":"04bm8wj50r3t1mr","modified":"2016-03-07T10:15:10+01:00","checksum":"43414683992"} _2librisxl |
||
| 887 |
_a{"@id":"jnv5sx7p3vhp312","modified":"2011-08-02T09:16:55+02:00","checksum":"48784907376"} _2librisxl |
||
| 887 |
_a{"@id":"bgnwcfph3rf4lhg","modified":"2011-05-09T08:38:28+02:00","checksum":"36584003615"} _2librisxl |
||
| 887 |
_a{"@id":"9fmxqgxg5flzxmh","modified":"2011-08-22T12:27:14+02:00","checksum":"37349707193"} _2librisxl |
||
| 887 |
_a{"@id":"pt2vcqlv2t4fwwp","modified":"2015-06-22T09:58:39+02:00","checksum":"50485837165"} _2librisxl |
||
| 887 |
_a{"@id":"04bmj95527m6bkz","modified":"2011-08-24T10:33:12+02:00","checksum":"44268361447"} _2librisxl |
||
| 887 |
_a{"@id":"15clwgx60d081g0","modified":"2011-05-02T13:01:30+02:00","checksum":"45739894270"} _2librisxl |
||
| 887 |
_a{"@id":"ns08x19t49kqq3v","modified":"2011-05-17T12:57:49+02:00","checksum":"49479408896"} _2librisxl |
||
| 887 |
_a{"@id":"15cr7kv61n64q03","modified":"2012-04-02T08:28:06+02:00","checksum":"56572221053"} _2librisxl |
||
| 887 |
_a{"@id":"sx4d17tz3xvtfcl","modified":"2011-05-16T15:18:51+02:00","checksum":"38606399913"} _2librisxl |
||
| 887 |
_a{"@id":"v06j7lc14r6lb75","modified":"2013-07-31T12:30:36+02:00","checksum":"35220888517"} _2librisxl |
||
| 887 |
_a{"@id":"lqx6j3pr5tknp9r","modified":"2011-06-20T15:48:58+02:00","checksum":"43709601364"} _2librisxl |
||
| 887 |
_a{"@id":"jnv42j3p4plpfld","modified":"2011-05-30T12:30:05+02:00","checksum":"31057132669"} _2librisxl |
||
| 942 |
_2z _cBOOK |
||
| 949 |
_5Gm _66000060737 _aArchitectural History Landscape & Gardens 14:4 _tYNNNN |
||